Normal view MARC view

Entry Topical Term

Number of records used in: 1

001 - CONTROL NUMBER

  • control field: 15166

003 - CONTROL NUMBER IDENTIFIER

  • control field: OSt

005 - DATE AND TIME OF LATEST TRANSACTION

  • control field: 20200107125536.0

008 - FIXED-LENGTH DATA ELEMENTS

  • fixed length control field: 200107|| aca||aabn | a|a d

040 ## - CATALOGING SOURCE

  • Original cataloging agency: OSt
  • Transcribing agency: OSt

150 ## - HEADING--TOPICAL TERM

  • Topical term or geographic name entry element: Society - Bangladesh

670 ## - SOURCE DATA FOUND

  • Source citation: Work cat.: (OSt): Quddusi, Kazi SM Khasrul Alam 15164, Politics and society in Bangladesh: Dominant dimensions

Powered by Koha